Segmentace trhu
Segmentácia trhu - módna záležitosť alebo užitočný marketingový nástroj? Segmentácia trhu krok za krokom. Kritériá geografickej, demografickej, psychografickej a behaviorálnej segmentácie. Prístup firiem k marketingu.
Salvato in:
| Autore principale: | |
|---|---|
| Natura: | Capitolo di libro |
| Lingua: | ceco |
| Soggetti: | |
| Tags: |
Nessun Tag, puoi essere il primo ad aggiungerne!!
|
MARC
| LEADER | 00000naa a2200000 4500 | ||
|---|---|---|---|
| 001 | 0148752 | ||
| 005 | 20231211073318.8 | ||
| 041 | 0 | |a cze | |
| 044 | |a CZ | ||
| 245 | 1 | 0 | |a Segmentace trhu |c Zuzana Šlapalová Čempelová |
| 520 | |a Segmentácia trhu - módna záležitosť alebo užitočný marketingový nástroj? Segmentácia trhu krok za krokom. Kritériá geografickej, demografickej, psychografickej a behaviorálnej segmentácie. Prístup firiem k marketingu. | ||
| 610 | 2 | 0 | |a segmentácia trhu |
| 610 | 2 | 0 | |a marketing |
| 610 | 2 | 0 | |a zákazníci |
| 610 | 2 | 0 | |a prieskum trhu |
| 610 | 2 | 0 | |a vek |
| 610 | 2 | 0 | |a muži |
| 610 | 2 | 0 | |a ženy |
| 610 | 2 | 0 | |a demografia |
| 610 | 2 | 0 | |a psychológia |
| 610 | 2 | 0 | |a behaviorizmus |
| 610 | 2 | 0 | |a geografia |
| 100 | 1 | |a Šlapalová Čempelová, Zuzana | |